00276nam a2200109Ia 4500008004100000020001800041082001200059100001600071245003900087260001400126500002600140260604s9999 xx 000 0 und d a9781032758626 a519 DIN aDING [PENG] 0aA FIRST COURSE IN CAUSAL INFERENCE bROUTLEDGE aStatistics, Inference